A Song of Ice and Fire Character Mixup Quiz Stats

 Plays Quiz not verified by Sporcle

Challenge
Share
Tweet
Score 0/25 Timer 06:00
0 Plays Today
% Correct
Shireen Targaryen
99.6%
Lollys Tarth
99.6%
Theon Seaworth
99.6%
Strong Pie
99.6%
Barristan Thorne
99.4%
Robb Arryn
99.2%
Edmure Stark
99.2%
Jory Mormont
99.2%
Samwell Oakheart
99.2%
Arianne Tyrell
99%
Donal Payne
98.3%
Rickard Stark
98.1%
Jeyne Frey
97.9%
% Correct
Mace Martell
97.5%
Kevan Mallister
97.3%
Areo Jhaqo
96.9%
Dagmer Greyjoy
96.7%
Zharaq zo Daxos
96.7%
Obara Frey
96.7%
Pyat Lemoncloak
96.1%
Meryn Mopatis
95.9%
Hother Slynt
95.4%
Vargo Sixskins
95%
Jon Redwyne
94.8%
Wyman Royce
94.8%

You're not logged in!

Compare scores with friends on all Sporcle quizzes.
OR
Log In

You Might Also Like...

Show Comments

Extras

Top Quizzes Today


Score Distribution

Your Account Isn't Verified!

In order to create a playlist on Sporcle, you need to verify the email address you used during registration. Go to your Sporcle Settings to finish the process.

Report this User

Report this user for behavior that violates our Community Guidelines.

Details: